000 00877nam a2200253 a 4500
005 20211207095354.0
008 211207s2021 ck |||gr|||| 00| 0 spa d
020 _a9789588836386
040 _aCO-BoUCM
_bspa
_cDeissy Garcia
_dDeissy Garcia
041 _aspa
100 _9126083
_aPeñalosa Londoño, Enrique
_d1954-
245 1 0 _aCiudad, igualdad, felicidad
_cEnrique Peñalosa Londoño
260 _aBogotá
_bVillegas editores
_c2021
300 _a501 páginas
504 _aIncluye referencias bibliográficas
650 7 _925989
_aUrbanismo
650 7 _aCiudades
_xPlanificación
_9172743
650 7 _aCiudades
_xAspectos sociales
_9172744
650 7 _920822
_aOrdenamiento territorial
650 7 _914885
_aEspacio público
650 7 _925707
_aTransporte urbano
942 _2DEWEY
_a17
_cLIBRO
_e1
_h711.4
_mP358c
_n0
999 _c320277
_d320277